[Event "Sudeste/Centro-Oeste-ch U2000"]
[Site "Barbacena"]
[Date "2019.10.27"]
[Round "6"]
[White "De Jesus, Luiz Eduardo Pereir"]
[Black "Mendes, Rodrigo Machado"]
[Result "0-1"]
[WhiteElo "1870"]
[BlackElo "1918"]
[PlyCount "75"]
[EventDate "2019.10.25"]
[EventType "swiss"]
[EventRounds "6"]
[EventCountry "BRA"]
[SourceTitle "CBM 193 Extra"]
[Source "ChessBase"]
[SourceDate "2020.01.31"]
[SourceVersion "1"]
[SourceVersionDate "2020.01.31"]
[SourceQuality "1"]

1. d4 Nf6 2. e3 e6 3. Nd2 c5 4. c3 b6 5. Bd3 Bb7 6. Ngf3 d6 7. 0-0 Nbd7 8. b3 Be7 9. Bb2 0-0 10. c4 cxd4 11. exd4 d5 12. Re1 dxc4 13. bxc4 Re8 14. Rc1 Nf8 15. Bb1 Rc8 16. Qb3 Ng6 17. Bd3 Qc7 18. Bf1 Qf4 19. Qe3 Qxe3 20. fxe3 Red8 21. Bd3 Bd6 22. Bb1 Ng4 23. a3 Bb8 24. Rc3 Ba6 25. Rcc1 Ne7 26. h3 Nf6 27. e4 Bg3 28. Red1 Nh5 29. Bd3 Bf4 30. Bf1 Ng3 31. d5 Nxf1 32. Kxf1 exd5 33. exd5 Nf5 34. Be5 Be3 35. Ke2 f6 36. Bg3 Nxg3+ 37. Kxe3 b5 38. Re1 0-1

[Event "Sudeste/Centro-Oeste-ch U2000"]
[Site "Barbacena"]
[Date "2019.10.26"]
[Round "2"]
[White "Souza, Marcelo Cop"]
[Black "De Jesus, Luiz Eduardo Pereir"]
[Result "1-0"]
[WhiteElo "1915"]
[BlackElo "1870"]
[PlyCount "102"]
[EventDate "2019.10.25"]
[EventType "swiss"]
[EventRounds "6"]
[EventCountry "BRA"]
[SourceTitle "CBM 193 Extra"]
[Source "ChessBase"]
[SourceDate "2020.01.31"]
[SourceVersion "1"]
[SourceVersionDate "2020.01.31"]
[SourceQuality "1"]

1. e4 e6 2. d3 d5 3. Nd2 c5 4. Ngf3 Nc6 5. g3 Nf6 6. Bg2 dxe4 7. dxe4 e5 8. 0-0 Be7 9. Re1 0-0 10. c3 h6 11. Qe2 Qc7 12. Nh4 Bg4 13. f3 Be6 14. Nf5 Bxf5 15. exf5 Rfe8 16. Ne4 Rad8 17. Nxf6+ Bxf6 18. Qe4 Bg5 19. Bxg5 hxg5 20. Qe3 Qe7 21. Rad1 b6 22. Qe4 Qf6 23. Bf1 Rd6 24. Rxd6 Qxd6 25. Bb5 Rc8 26. Bxc6 Qxc6 27. Qxc6 Rxc6 28. Rxe5 Kf8 29. Kf2 Rd6 30. Ke2 f6 31. Re4 Kf7 32. h4 gxh4 33. Rxh4 Rd7 34. Re4 Rd6 35. Re3 Rd7 36. Rd3 Re7+ 37. Kf2 Kf8 38. Rd8+ Kf7 39. Rd6 Re8 40. g4 Re7 41. f4 Rc7 42. g5 Re7 43. Rd8 Rc7 44. Rd6 Ke7 45. Re6+ Kf7 46. Kf3 Rd7 47. Rc6 Re7 48. Kg4 Rd7 49. Rc8 Ke7 50. g6 Rb7 51. Rg8 Kd6 1-0

[Event "Pocos de Caldas op"]
[Site "Pocos de Caldas"]
[Date "2016.02.27"]
[Round "4"]
[White "De Jesus, Luiz Eduardo Pereir"]
[Black "Brandao, Renan Alves"]
[Result "0-1"]
[WhiteElo "1861"]
[BlackElo "2114"]
[PlyCount "52"]
[EventDate "2016.02.26"]
[EventType "swiss"]
[EventRounds "6"]
[EventCountry "BRA"]
[SourceTitle "EXT 2017"]
[Source "ChessBase"]
[SourceDate "2016.10.25"]
[SourceVersion "1"]
[SourceVersionDate "2016.10.25"]
[SourceQuality "1"]

1. d4 c5 2. e3 g6 3. c3 Bg7 4. Nd2 d6 5. Ngf3 Nf6 6. b3 0-0 7. Bb2 Nc6 8. c4 cxd4 9. exd4 e5 10. d5 Nd4 11. Nxd4 exd4 12. Bxd4 Re8+ 13. Be2 Nxd5 14. Bxg7 Nf4 15. Kf1 Kxg7 16. Bf3 Bf5 17. g3 Bh3+ 18. Kg1 Qg5 19. Ne4 Rxe4 20. Bxe4 Qe5 21. Bf3 Nd3 22. Qxd3 Qxa1+ 23. Bd1 Re8 24. Qd2 Kg8 25. f3 Re1+ 26. Kf2 Rxh1 0-1

[Event "Sao Paulo Hebraica op 23rd"]
[Site "Sao Paulo"]
[Date "2016.01.10"]
[Round "5"]
[White "Candido, Jefferson Santos"]
[Black "De Jesus, Luiz Eduardo Pereir"]
[Result "0-1"]
[WhiteElo "1675"]
[BlackElo "1840"]
[PlyCount "66"]
[EventDate "2016.01.08"]
[EventType "swiss"]
[EventRounds "6"]
[EventCountry "BRA"]
[SourceTitle "CBM 170 Extra"]
[Source "ChessBase"]
[SourceDate "2016.02.25"]
[SourceVersion "1"]
[SourceVersionDate "2016.02.25"]
[SourceQuality "1"]

1. e4 e6 2. d4 c6 3. e5 d6 4. Nf3 Nd7 5. Bd3 dxe5 6. dxe5 Nxe5 7. Nxe5 Qa5+ 8. Nc3 Qxe5+ 9. Be3 Bc5 10. 0-0 Bxe3 11. fxe3 Qxe3+ 12. Kh1 Nf6 13. Rf3 Qb6 14. Qf1 Qxb2 15. Nb5 cxb5 16. Bxb5+ Bd7 17. Bxd7+ Nxd7 18. Rxf7 0-0-0 19. Rb1 Qc3 20. Qb5 Qc6 21. Qg5 h6 22. Qg3 g5 23. Rf3 b6 24. a4 Kb7 25. a5 Rhf8 26. Rc3 Nc5 27. axb6 axb6 28. Qe3 Rf5 29. Qe2 Rfd5 30. Rg3 Qd6 31. Re3 Rd1+ 32. Rxd1 Qxd1+ 33. Qe1 Qxc2 0-1

[Event "Macae Sudeste-ch"]
[Site "Macae"]
[Date "2015.05.02"]
[Round "4"]
[White "De Jesus, Luiz Eduardo Pereir"]
[Black "Jacobsen, Abias"]
[Result "0-1"]
[WhiteElo "1800"]
[BlackElo "1739"]
[PlyCount "68"]
[EventDate "2015.05.01"]
[EventType "swiss"]
[EventRounds "6"]
[EventCountry "BRA"]
[SourceTitle "CBM 166 Extra"]
[Source "ChessBase"]
[SourceDate "2015.06.18"]
[SourceVersion "1"]
[SourceVersionDate "2015.06.18"]
[SourceQuality "1"]

1. d4 Nf6 2. e3 e6 3. Nd2 b6 4. Ngf3 Bb7 5. Bd3 Be7 6. b3 d6 7. Bb2 Nbd7 8. 0-0 0-0 9. c4 c5 10. Qc2 Rc8 11. Rad1 cxd4 12. exd4 d5 13. Qb1 dxc4 14. bxc4 Re8 15. Rfe1 Bd6 16. Ne5 a6 17. f4 Bb4 18. Rf1 Nxe5 19. fxe5 Ng4 20. Bxh7+ Kh8 21. a3 Ba5 22. d5 Ne3 23. Be4 Nxd1 24. Qxd1 exd5 25. Rxf7 dxe4 26. e6 Rg8 27. Rd7 Qg5 28. h4 Qe3+ 29. Kh2 Bxd2 30. Qa1 Qf4+ 31. Kh3 Qf5+ 32. Kh2 Qg4 33. Rxb7 Qxh4+ 34. Kg1 Be3+ 0-1

[Event "Rio de Janeiro-ch Absoluto"]
[Site "Rio de Janeiro"]
[Date "1988.07.09"]
[Round "1"]
[White "De Jesus, Luiz Eduardo Pereir"]
[Black "Da Rocha, Cleber Lemos"]
[Result "0-1"]
[WhiteElo "1762"]
[BlackElo "1954"]
[PlyCount "56"]
[EventDate "1988.07.09"]
[EventType "swiss"]
[EventRounds "7"]
[EventCountry "BRA"]
[SourceTitle "EXT 2007"]
[Source "ChessBase"]
[SourceDate "2006.11.23"]
[SourceVersion "1"]
[SourceVersionDate "2006.11.23"]
[SourceQuality "1"]

1. d4 Nf6 2. c4 e6 3. Nf3 d5 4. Bg5 Nbd7 5. e3 Bb4+ 6. Nc3 c5 7. cxd5 exd5 8. Bd3 Qa5 9. Qc2 c4 10. Bf5 g6 11. Bxd7+ Nxd7 12. 0-0 0-0 13. Nd2 Nb6 14. Bh6 Re8 15. f3 Be6 16. e4 Rac8 17. Rae1 Red8 18. Be3 Bf8 19. e5 Bf5 20. Qc1 Na4 21. g4 Bd3 22. Rf2 Nxc3 23. bxc3 b5 24. Nb1 b4 25. f4 bxc3 26. Nxc3 Ba3 27. Qa1 Rb8 28. Bc1 Rb1 0-1